000 00369nam a2200121 4500
999 _c10235
_d10235
008 180809b ||||| |||| 00| 0 eng d
100 _930209
_aBrizuela, Maricar B.
245 _aFood poisoning downs 133 Makati kids/
_cMaricar B. Brizuela
260 _aPhilippines
_bPhilippine Daily Inquirer
_cc2016
300 _apage A19.
650 0 _930210
_aFood.
942 _2ddc
_cPER